00891nam a22002412a 450000100060000000300080000600500170001400800410003103500190007204000320009104100080012308200210013124501350015226000430028730000350033050401120036560000400047765000150051765000300053265000250056270000210058770000410060830959BD-RjUL20211209051637.0140413s1966 ne c b 010 0deng d a(BD-RjUL)31046 aDLCcWSUdOCLdBD-RjULbeng aeng00a901.9bPHI 196600aPhilosophy, religion, and the coming world civilization :bEssays in honor of William Ernest Hocking /cEdited by Leroy S. Rouner. aThe Hague :bMartinus Nijhoff,cc1966. axxii, 506 p. :bill. ;c24 cm. a"The bibliography of William Ernest Hocking from 1898 to 1964, compiled by Richard C. Gilman": p. [469]-50410aHocking, William Ernest,d1873-1966 0aPhilosophy 0aCivilizationxPhilosophy. 0aReligionxPhilosophy1 aRouner, Leroy S.1 aHocking, William Ernest,d1873-1966.